| 000 | 01389nam a2200385 i 4500 | ||
|---|---|---|---|
| 003 | Uk | ||
| 005 | 20230323152248.0 | ||
| 006 | m || d | | ||
| 007 | cr ||||||||||| | ||
| 008 | 230117s2017 stkabc o f000 0 eng d | ||
| 020 | _a9781788511636 | ||
| 245 | 0 | 0 |
_aReport of the Barclay Review of Non-Domestic Rates. _h[electronic resource] |
| 264 | 1 |
_aEdinburgh : _bThe Scottish Government, _c2017. |
|
| 300 |
_a1 online resource (135 pages) : _billustrations (colour), map (colour), portrait (colour) |
||
| 336 |
_atext _2rdacontent |
||
| 337 |
_acomputer _2rdamedia |
||
| 338 |
_aonline resource _2rdacarrier |
||
| 500 | _a"Produced for The Scottish Government by APS Group Scotland." | ||
| 500 | _a"22 August 2017." | ||
| 538 | _aSystem requirements: Adobe Reader required to view PDF document. | ||
| 650 | 7 | _aTaxation | |
| 650 | 7 | _aRATING | |
| 650 | 7 | _aReal property tax | |
| 651 | 7 | _aScotland | |
| 655 | 0 | _aGovernment publications. | |
| 690 | 7 |
_aValuation _96273 |
|
| 690 | 7 |
_aFinance & taxation _96241 |
|
| 700 | 1 |
_aBarclay, Kenneth _c(Banker), _echair. |
|
| 710 | 1 |
_aScotland. _bScottish Government, _eissuing body. |
|
| 710 | 2 | _aAPS Group Scotland. | |
| 884 |
_aLDL ebooks transformation to marcxml using nls_eb2marc.xsl _g20210325 _k9781788511636 _qUk |
||
| 903 | _aELD.DS.656239 | ||
| 942 | _2ddc | ||
| 999 |
_c121318 _d121318 |
||